1403 1240 1167 1510 2000 1062 1331 1181 1895 2000 1611 1921 1276 1601 1336 1338 1432 1334 1812 1433 1540 1335 1403 1591 1580 1856 1676 1411 1995 1414 1011 1070 1332 1043 1249 1955 1973 1660 1807 1673 1841 1578 1305 1468 1002 1630 1635 1457 1104 1110 1978 1142 1354 1325 1051 1549 1526 1409 1117 1130 1760 1132 1461 1362 1091 1919 1538 1017 1863 1054 1340 1807 1731 1698 1094 1967 1589 1249 1690 1616 1085 1849 1596 1515 1209 1373 1172 1415 1396 1750 1942 1344 1816 1581 1206 1286 1732 1915 1000 BCNSPRNW ULIB Ver.6.0+V

เปลี่ยนเป็นภาษาไทย

Change to English
 แสดงรายละเอียดบรรณานุกรม
  กลับหน้าหลัก

Brief Record : Get Marc (ISO 2709) : E-mail record : QR code < ปิดหน้าต่าง
LEADER : 00000nam 2200000uu 4500
001    13399113443
003     ULIB
008    111116s2548||||th 000 0 tha d
020    ^a9745158828
060 04 ^aW62^bc734 2548
245 10 ^aCommunication skills in clinical practiceจากมุมมองที่หลากหลาย /^cบรรณาธิการ, ชิษณุ พันธุ์เจริญ ... [และคนอื่นๆ]
250    ^aพิมพ์ครั้งที่ 2
260    ^aกรุงเทพฯ :^bสมาคมกุมารแพทย์แห่งประเทศไทย,^c2548
300    ^a129 หน้า ;^c21 ซม.
650  7 ^aบริการทางการแพทย์
650  7 ^aการสื่อสารทางการแพทย์
650  7 ^aผู้ป่วย^xการให้คำปรึกษา
700 0  ^aชิษณุ พันธุ์เจริญ,^eบรรณาธิการ
710 2  ^aสมาคมกุมารแพทย์แห่งประเทศไทย
945    ^p120^l0^i24791
995    ^aกัณชพร
999    ^aใช้งานได้ทุกระบบ
รายการนี้ยังไม่มีแท็ก
คุณยังไม่ได้ล็อกอิน คุณสามารถมีกิจกรรมร่วมกับเว็บไซต์ได้ แต่ต้องล็อกอินก่อน ::
  ล็อกอิน

รายการสื่อสารสนเทศ

ลำดับที่ ประเภท เลขเรียก/บาร์โค้ด สถานที่ สถานะ
- ไม่พบข้อมูล -

รายการใกล้เคียง
    หัวเรื่อง [บริการทางการแพทย์]
    หัวเรื่อง [การสื่อสารทางการแพทย์]

BibComment


ยังไม่เคยถูกคอมเมนท์

คอมเมนท์ทรัพยากรรายการนี้
  คอมเมนท์: Communication sk..


 Copyright 2026. Bcnsprnw @Library